| 000 | 02075cam a2200337 a 4500 | ||
|---|---|---|---|
| 999 |
_c48104 _d48104 |
||
| 001 | 13613333 | ||
| 003 | Nust | ||
| 005 | 20170109101951.0 | ||
| 008 | 040603s2004 nyua b 001 0 eng d | ||
| 010 | _a 2004300403 | ||
| 020 | _a0824747461 | ||
| 035 | _a(OCoLC)ocm53959305 | ||
| 040 |
_aISH _cISH _dUOH _dWPG _dDLC |
||
| 042 | _alccopycat | ||
| 050 | 0 | 0 |
_aTN698 _b.M64 2004 |
| 082 | 0 | 0 |
_a669/.95 _222 |
| 245 | 0 | 0 |
_aModeling and simulation for material selection and mechanical design / _cedited by George E. Totten, Lin Xie, Kiyoshi Funatani. |
| 246 | 3 | _aModeling & simulation for material selection and mechanical design | |
| 260 |
_aNew York ; _aBasel : _bMarcel Dekker, _cc2004. |
||
| 300 |
_axi, 509 p. : _bill. ; _c24 cm. |
||
| 490 | 1 |
_aMechanical engineering ; _v166 |
|
| 504 | _aIncludes bibliographical references and index. | ||
| 505 | 0 | _aA mathematical model for predicting microstructural evolution and mechanical properties of hot-rolled steels / Masayoshi Suehiro -- Design simulation of kinetics of multicomponent grain boundary segregations in the engineering steels under quenching and tempering / Anatoli Kovalev and Dmitry L. Wainstein -- Designing for control of residual stress and distortion / Dong-Ying Ju -- Modeling and simulation of mechanical behavior / Essam El-Magd -- Tribology and the design of surface-engineered materials for cutting tool applications / German Fox-Rabinovich, George C. Weatherly, and Anatoli Kovalev -- Designing fastening systems / Christoph Friedrich. | |
| 650 | 0 | _aMechanical alloying. | |
| 700 | 1 | _aTotten, George E. | |
| 700 | 1 |
_aXie, Lin, _d1963- |
|
| 700 | 1 | _aFunatani, Kiyoshi. | |
| 830 | 0 |
_aMechanical engineering (Marcel Dekker, Inc.) ; _v166. |
|
| 856 | 4 | 2 |
_3Publisher description _uhttp://www.loc.gov/catdir/enhancements/fy0647/2004300403-d.html |
| 906 |
_a7 _bcbc _ccopycat _d2 _encip _f20 _gy-gencatlg |
||
| 942 |
_2ddc _cBK |
||